000 00614nam a2200181 4500
001 5909
011 _a0241-9483
090 _a5909
100 _a20190723b u||y0fre||u0ba y50
101 _afre
200 _aContraception masculine paternité
_bPériodique
_fAssociation pour la recherche et le développement de la contraception masculine (ARDECOM)
210 _aParis
_cARDECOM
_d1980-
215 _cill.
_d27 cm
606 _9619
_aContraception
606 _95787
_aGenre
710 _96746
_aAssociation pour la Recherche et le Développement de la Contraception masculine (ARDECOM)
801 _aCH
_bCH-002049-8
955 _r1980 : 1, 2.